| 000 | 01587nam a2200289 4500 | ||
|---|---|---|---|
| 003 | EC-UNACH | ||
| 006 | s||||gr|||| 00| 00 | ||
| 008 | 150116t9999 mx r gr 000 0 spa d | ||
| 020 | _a978-84-7360-558-8 | ||
| 040 |
_aEC-UNACH _cEC-UNACH |
||
| 041 | _aEspañol | ||
| 082 | 0 | 4 |
_223 _a542 _bL018581 |
| 100 | _aFernández, B., Miguel | ||
| 245 |
_aUna Química Divertida _bExperimentos químicos para realizar de forma sencilla |
||
| 250 | _aPrimera Edición | ||
| 264 |
_aMadrid - España _bEditorial TÉBAR FLORES, S.L., _c2016 |
||
| 300 |
_a298 páginas _bFiguras, tablas, dibujos _c24 x 16.5 centímetros |
||
| 501 | _aIncluye Prólogo, Índice, Introducción, Adenda 1 Conceptos Químicos Sencillos, Adenda 2 Algunos materiales de laboratorio, Referencias Bibliográficas | ||
| 505 | _aUna breve historia de la química --- 1. El bosque químico -- 2. La serpiente del faraón -- 3. El matamoscas -- 4. El árbol de Saturno -- 5. La lluvia de oro -- 6. El volcán -- 7. El cerdito gruñón -- 8. La vela comestible -- 9. La luminaria -- 10. La bandera americana -- 11. ¿Apaga el agua el fuego o lo inicia? -- 12. Cromatografía -- 13. El aguarrás ardiente -- 14. La viruta que arde sola -- 15. El azúcar que arde sin prenderla -- 16. La muerte del Conde Drácula -- 17. El flash de aluminio -- 18. La lluvia de fuego | ||
| 650 | _aQUIMICA DIVERTIDA | ||
| 650 | _aEXPERIMENTOS SENCILLOS | ||
| 650 | _aSÍMBOLOS QUÍMICOS | ||
| 942 |
_2ddc _c1 |
||
| 999 | _c14404 | ||